Detalles MARC
| 000 -CABECERA |
| campo de control de longitud fija |
02100nam a2200253 4500 |
| 003 - IDENTIFICADOR DEL NÚMERO DE CONTROL |
| campo de control |
vecauma |
| 005 - FECHA Y HORA DE LA ÚLTIMA TRANSACCIÓN |
| campo de control |
20260415182954.0 |
| 007 - CAMPO FIJO DE DESCRIPCIÓN FÍSICA--INFORMACIÓN GENERAL |
| campo de control de longitud fija |
ta |
| 008 - DATOS DE LONGITUD FIJA--INFORMACIÓN GENERAL |
| campo de control de longitud fija |
260415b ve ||||| |||| 00| 0 spa d |
| 020 ## - ISBN |
| Número Internacional Estándar del Libro |
8427603746 |
| 040 ## - FUENTE DE LA CATALOGACIÓN |
| Centro catalogador/agencia de origen |
vecauma |
| Lengua de catalogación |
spa |
| Centro/agencia transcriptor |
vecauma |
| Centro/agencia modificador |
vecauma |
| Normas de descripción |
rda |
| 041 ## - CÓDIGO DE LENGUA |
| Código de lengua del recurso |
spa |
| 100 1# - AUTOR PERSONAL |
| Término indicativo de función/relación |
autor |
| 245 1# - MENCIÓN DE TÍTULO |
| Título |
Francisco De Miranda |
| Resto del título |
Diario de viajes y escritos políticos |
| Mención de responsabilidad, etc. |
/ Mario H. Sánchez-Barba |
| 264 ## - PRODUCCIÓN, PUBLICACIÓN, DISTRIBUCIÓN, FABRICACIÓN Y COPYRIGHT |
| Producción, publicación, distribución, fabricación y copyright |
Madrid, España: |
| Nombre del de productor, editor, distribuidor, fabricante |
Editora Nacional; |
| Fecha de producción, publicación, distribución, fabricación o copyright |
1977. |
| 300 ## - DESCRIPCIÓN FÍSICA |
| Extensión |
389 páginas. |
| 336 ## - TIPO DE CONTENIDO |
| Término de tipo de contenido |
texto |
| Código de tipo de contenido |
txt |
| Fuente |
rdacontenido |
| 337 ## - TIPO DE MEDIO |
| Nombre/término del tipo de medio |
no mediado |
| Código del tipo de medio |
n |
| Fuente |
rdamedio |
| 338 ## - TIPO DE SOPORTE |
| Nombre/término del tipo de soporte |
volumen |
| Código del tipo de soporte |
nc |
| Fuente |
rdasoporte |
| 505 0# - NOTA DE CONTENIDO CON FORMATO |
| Nota de contenido con formato |
Viaje por los Estados Unidos de la América del Norte /<br/>La Habana-New Jersey /<br/>Diario desde New York, hacia Albany,Saratoga, etc /<br/>Viaje de Boston a Portsmouth Newhamshaire /<br/>Viaje por Italia /<br/>Viajes por Rusia /<br/>Escritos políticos / |
| 520 3# - SUMARIO, ETC. |
| Sumario, etc. |
Situado en el eje mismo de un profundo traumatismo social de índole provinciano, Francisco de Miranda constituye una personalidad histórica de intimidad disgregada que se debate en la dialéctica necesidad de estimación, afán vindicativo. Los rasgos de su biografía y, sobre todo, sus escritos estudiados culturalmente por primera vez en la presente edición - revelan su mentalidad y acción como un producto homogeneizado por las corrientes culturales europeas de su época y se manifiesta en su admirable capacidad comunicativa de profundo sentido romántico-conflictivo.<br/><br/>El autor de la edición, Mario Hernández Sánchez-Barba, profesor numerario de "Historia contemporánea de América" en la Facultad de Historia de la Universidad Complutense, y director del Departamento de Historia de América, goza de un sólido prestigio mundial, cimentado en una serie de obras de investigación y síntesis, así como en su importante labor de cátedra, en la que se han formado buena parte de la nueva generación de historiadores hispanoamericanos. Ha publicado una importante serie de libros y artículos de investigación.<br/> |
| 942 #1 - ELEMENTOS DE ENTRADA AGREGADA (KOHA) |
| Fuente del sistema de clasificación o colocación |
Library of Congress Classification |
| Ocultar en OPAC |
No |
| Tipo de ítem Koha |
Libros |